Конституция Российской Федерации с последними изменениями на 2017 год

Detalhes bibliográficos
Resumo:Настоящее издание содержит текст основного закона страны — Конституции Российской Федерации со всеми последними изменениями, включая присоединение новых субъектов Российской Федерации — Крыма и Севастополя.
Idioma:russo
Publicado em: Москва, Эксмо, 2017
Colecção:Законы и кодексы
Assuntos:
Formato: MixedMaterials Livro
KOHA link:https://koha.lib.tpu.ru/cgi-bin/koha/opac-detail.pl?biblionumber=341253

MARC

LEADER 00000nam0a2200000 4500
001 341253
005 20231102005326.0
010 |a 9785699968473 
035 |a (RuTPU)RU\TPU\book\368782 
090 |a 341253 
100 |a 20180710d2917 k y0rusy50 ca 
101 0 |a rus 
102 |a RU 
105 |a y n 000zy 
200 1 |a Конституция Российской Федерации с последними изменениями на 2017 год 
210 |a Москва  |c Эксмо  |d 2017 
215 |a 32 с. 
225 1 |a Законы и кодексы 
330 |a Настоящее издание содержит текст основного закона страны — Конституции Российской Федерации со всеми последними изменениями, включая присоединение новых субъектов Российской Федерации — Крыма и Севастополя. 
606 1 |a Конституция Российской Федерации  |2 stltpush  |3 (RuTPU)RU\TPU\subj\67771  |9 83437 
610 1 |a право 
610 1 |a Конституция 
610 1 |a Российская Федерация 
610 1 |a конституционное право 
610 1 |a комментарии 
686 |a Х620.1  |v LBC/SL-A  |2 rubbk 
801 1 |a RU  |b 63413507  |c 20180710 
801 2 |a RU  |b 63413507  |c 20181129  |g RCR 
942 |c BK